[Event "MCR v sachu muzu 2020"]
[Site "Plzen"]
[Date "2020.08.28"]
[Round "6.1"]
[White "Laznicka, Viktor"]
[Black "Navara, David"]
[Result "1/2-1/2"]
[WhiteElo "2638"]
[BlackElo "2719"]
[EventDate "2020.08.23"]

1. d4  Nf6  2. c4  e6
3. Nf3  d5  4. g3
dxc4  5. Qa4+  Nbd7
6. Qxc4  a6  7. Bg2
b5  8. Qc6  Rb8
9. Bf4  Nd5  10. Bg5  Be7
11. Bxe7  Qxe7  12. Nc3
Bb7  13. Nxd5  Bxc6
14. Nxe7  Kxe7  15. O-O
Bxf3  16. Bxf3  c5
17. dxc5  Nxc5  18. Rfc1
Rhc8  19. Rc2  Nd7
20. Rac1  Kd8  21. Be4
Nf6  22. Bd3  h6
23. f4  Nd5  24. Kf2
Nb4  25. Rxc8+  Rxc8
26. Rxc8+  Kxc8  27. Bb1
Kc7  28. Ke3  Kd6
29. a3  Nd5+  30. Kd4
f6  31. Ba2  Ne7
32. b4  1/2-1/2

[Event "MCR v sachu muzu 2020"]
[Site "Plzen"]
[Date "2020.08.28"]
[Round "6.6"]
[White "Mica, Marek"]
[Black "Polak, Tomas"]
[Result "0-1"]
[WhiteElo "2315"]
[BlackElo "2563"]
[EventDate "2020.08.23"]

1. d4  d5  2. c4  c6
3. Nc3  dxc4  4. Nf3
b5  5. a4  b4
6. Na2  e6  7. e4  Ba6
8. Bd2  Nf6  9. e5
Nd5  10. Be2  Qa5
11. Rc1  Nd7  12. Bxc4
c5  13. b3  cxd4
14. Bxa6  Qxa6  15. Rc4
Nc3  16. Bxc3  dxc3
17. Nxb4  Bxb4  18. Rxb4
Nc5  19. Rc4  Rd8
20. Nd4  Rd5  21. O-O
O-O  22. Qc2  Qb6
23. Rxc3  Nxa4  24. Rh3
h6  25. Nc6  Qc5
26. Qxc5  Rxc5  27. Ne7+
Kh7  28. bxa4  Re8
29. f4  Rxe7  30. Ra3
Rd7  31. Ra2  a5
32. Rb1  Rd4  33. g3
Kg6  34. Rb5  Rxa4
35. f5+  Kg5  36. h4+
Kh5  37. Rxa4  Rxb5
38. fxe6  fxe6  39. Re4
Rb4  40. Re3  Kg4
41. Ra3  Rb5  42. Kg2
g5  43. Ra4+  Kf5
44. hxg5  hxg5  45. Kf3
Rxe5  46. g4+  Kf6
47. Rc4  Ke7  48. Rc8
Kd7  49. Rc4  Kd6
50. Rc8  Kd5  51. Rc7
Kd4  52. Rc6  Kd3
53. Rc8  Kd2  54. Rc7
Kd3  55. Rc8  Kd4
56. Rc6  Re3+  57. Kf2
Kd5  58. Rc8  Re4
59. Kf3  a4  60. Rd8+
Ke5  61. Rg8  Rf4+
62. Kg3  Kf6  63. Rf8+
Ke7  64. Rg8  Kf6
65. Rf8+  Kg7  66. Re8
Kf7  67. Ra8  Rb4
68. Kf3  Kf6  69. Rc8
Rb3+  70. Ke4  Rg3
71. Rf8+  Kg7  72. Ra8
Rxg4+  73. Ke5  Rb4
74. Kxe6  Kg6  75. Rg8+
Kh5  76. Kf5  Rb5+
77. Ke4  Kg4  78. Ra8
Rb4+  79. Ke3  Kg3
80. Ke2  Kg2  81. Rf8
g4  82. Rf2+  Kg3
83. Rf8  a3  84. Ra8
Rb2+  85. Ke3  a2
86. Ra4  Kh3  87. Ra8
g3  88. Kf3  Rb3+
89. Ke2  g2  90. Kf2
Kh2  91. Rh8+  Rh3
92. Rxh3+  Kxh3  93. Kg1
a1=Q+  0-1

[Event "MCR v sachu muzu 2020"]
[Site "Plzen"]
[Date "2020.08.28"]
[Round "6.7"]
[White "Orsag, Milan"]
[Black "Finek, Vaclav"]
[Result "1-0"]
[WhiteElo "2300"]
[BlackElo "2344"]
[EventDate "2020.08.23"]

1. d4  d5  2. Nf3  c6
3. c4  Nf6  4. Nc3
e6  5. e3  Nbd7
6. Bd3  dxc4  7. Bxc4  b5
8. Bd3  Bd6  9. O-O
O-O  10. e4  e5
11. d5  cxd5  12. Nxb5  Bc5
13. Nc3  Re8  14. Bg5
Bb7  15. exd5  h6
16. Bxf6  Nxf6  17. Bb5
Re7  18. Na4  Bd6
19. Bc6  Bxc6  20. dxc6
Qc7  21. h3  Qxc6
22. Rc1  Qa6  23. b3
Rae8  24. Rc4  e4
25. Nd4  Bf4  26. Nf5
Re5  27. Ne3  Qe6
28. Nc5  Qe7  29. b4
Rg5  30. Rd4  Be5
31. Nd5  Nxd5  32. Rxd5
Bb8  33. Rxg5  Qxg5
34. Re1  e3  35. Kf1
Qf4  36. Nd3  Qf5
37. Qe2  Re6  38. Rd1
exf2  39. Qxf2  Qh5
40. Qc2  1-0

[Event "MCR v sachu muzu 2020"]
[Site "Plzen"]
[Date "2020.08.28"]
[Round "6.9"]
[White "Malinovsky, Karel"]
[Black "Zeman, Matyas"]
[Result "1-0"]
[WhiteElo "2474"]
[BlackElo "2250"]
[EventDate "2020.08.23"]

1. e4  e6  2. d4  d5
3. Nd2  c5  4. exd5
Qxd5  5. Ngf3  cxd4
6. Bc4  Qd6  7. O-O
Nf6  8. Nb3  Nc6
9. Nbxd4  Nxd4  10. Nxd4
Be7  11. c3  O-O
12. Qf3  Qc7  13. Bd3
Bd7  14. Re1  Rfd8
15. Bg5  Bc6  16. Nxc6
bxc6  17. Rad1  Rab8
18. Bc1  Rd7  19. Bc2
Rbd8  20. Rxd7  Nxd7
21. h4  Nf6  22. g3
Qb6  23. Kg2  h5
24. Ba4  Ng4  25. Re2
Qa6  26. Bc2  Bf6
27. a3  Qc4  28. Qe4
Qd5  29. f3  Ne5
30. Rd2  Qxd2+  31. Bxd2
Rxd2+  32. Kf1  Nxf3
33. Qxf3  Rxc2  34. Qxc6
Rxb2  35. Qe8+  Kh7
36. Qxf7  Kh6  37. Qxe6
Rb6  38. Qe3+  Kh7
39. c4  g6  40. Qe8
Rb1+  41. Kg2  Rb2+
42. Kh3  Rc2  43. a4
a5  44. Qe4  Rc3
45. Qd5  1-0

[Event "MCR v sachu muzu 2020"]
[Site "Plzen"]
[Date "2020.08.28"]
[Round "6.10"]
[White "Freisler, Pavel"]
[Black "Havelka, Josef"]
[Result "0-1"]
[WhiteElo "2249"]
[BlackElo "2367"]
[EventDate "2020.08.23"]

1. Nf3  Nf6  2. c4  g6
3. Nc3  Bg7  4. d4
O-O  5. g3  d6
6. Bg2  Nc6  7. O-O  Bf5
8. Ne1  Qd7  9. e4
Bh3  10. Nc2  Bxg2
11. Kxg2  e5  12. d5
Ne7  13. b4  Ne8
14. Bd2  f5  15. f3
Nf6  16. Qe2  f4
17. c5  g5  18. Ne1
Ng6  19. Nd3  Rf7
20. b5  Raf8  21. c6
Qc8  22. cxb7  Qxb7
23. Kh1  h5  24. gxf4
exf4  25. Rac1  g4
26. Nxf4  Nxf4  27. Bxf4
Nd7  28. Bg3  Rxf3
29. Rxf3  Rxf3  30. Qd2
Qc8  31. Ne2  Qf8
32. Rxc7  Rf1+  33. Ng1
Qf3+  34. Qg2  Bd4
0-1

[Event "MCR v sachu muzu 2020"]
[Site "Plzen"]
[Date "2020.08.28"]
[Round "6.11"]
[White "Hurdzan, Tomas"]
[Black "Houska, Jiri"]
[Result "1-0"]
[WhiteElo "2325"]
[BlackElo "2202"]
[EventDate "2020.08.23"]

1. e4  c5  2. Nf3  d6
3. d4  cxd4  4. Nxd4
Nf6  5. Nc3  g6
6. Be3  Bg7  7. f3  O-O
8. Qd2  Nc6  9. Bc4
Bd7  10. O-O-O  Rc8
11. Bb3  Ne5  12. Kb1
Re8  13. h4  h5
14. g4  hxg4  15. h5  Nxh5
16. Bh6  Bf6  17. Nd5
gxf3  18. Rdg1  e6
19. Nxf6+  Qxf6  20. Qf2
Rc5  21. Be3  Kf8
22. Bh6+  Kg8  23. Rh4
Qh8  24. Be3  Kf8
25. Qd2  Ke7  26. Rd1
Rec8  27. Nf5+  exf5
28. Qxd6+  Ke8  29. Bxc5
Rxc5  30. Qxc5  Qf6
31. exf5  Qxh4  32. Qxe5+
Qe7  33. Qh8+  Qf8
34. Qxf8+  Kxf8  35. Rxd7
g5  36. f6  Ke8
37. Rd5  1-0

[Event "MCR v sachu muzu 2020"]
[Site "Plzen"]
[Date "2020.08.28"]
[Round "6.17"]
[White "Serrano, Salvador Eduardo"]
[Black "Jun, Rudolf"]
[Result "1/2-1/2"]
[WhiteElo "2299"]
[BlackElo "2094"]
[EventDate "2020.08.23"]

1. d4  Nf6  2. Nf3  g6
3. c4  Bg7  4. Nc3
O-O  5. Bf4  d6
6. h3  Nbd7  7. e3  a6
8. Be2  c6  9. O-O
Re8  10. Rc1  b6
11. b4  Bb7  12. Qb3
e5  13. Bh2  exd4
14. exd4  d5  15. Rfe1
Rc8  16. a4  Ne4
17. cxd5  Nxc3  18. Qxc3
cxd5  19. Bc7  Qf6
20. Qd2  h5  21. Bd3
Rxe1+  22. Qxe1  Bh6
23. Rc2  Bg7  24. Qe2
Nf8  25. Bxa6  Bxa6
26. Qxa6  Qf5  27. a5
bxa5  28. b5  Qxc2
29. Qxc8  Qb1+  30. Kh2
Qxb5  31. Bd6  Qd7
32. Qb8  f6  33. Bc5
Kf7  34. Qa8  a4
35. Ne1  Ne6  36. Nd3
f5  37. Nb4  Qc7+
38. Kg1  Nxc5  39. dxc5
Qxc5  40. Qxa4  Qc1+
41. Kh2  Qf4+  42. Kg1
Qc1+  43. Kh2  Qf4+
44. Kg1  Qc1+  1/2-1/2

[Event "MCR v sachu muzu 2020"]
[Site "Plzen"]
[Date "2020.08.28"]
[Round "6.19"]
[White "Eret, Jonas"]
[Black "Riha, Vojtech"]
[Result "0-1"]
[WhiteElo "2219"]
[BlackElo "2270"]
[EventDate "2020.08.23"]

1. b3  e5  2. Bb2  Nc6
3. e3  Nf6  4. Bb5
Bd6  5. Na3  Na5
6. Nc4  Nxc4  7. Bxc4
Qe7  8. Ne2  c6
9. Ng3  Bc7  10. O-O  d5
11. Be2  h5  12. f3
h4  13. Nh1  e4
14. f4  Bf5  15. c4  O-O-O
16. Bd4  c5  17. Bxf6
Qxf6  18. cxd5  g5
19. fxg5  Qe5  20. Rf4
Rxd5  21. Rc1  Kb8
22. Bc4  Rd7  23. Nf2
Bg6  24. Bb5  Rd6
25. Rc2  Qxg5  26. Nxe4
Bxe4  27. Rxe4  Rg6
28. Qf3  Rhg8  29. Bf1
Rf6  30. Qh3  Qd5
31. Rec4  Rf3  32. Rg4
Rxf1+  33. Kxf1  Qf5+
34. Qf3  Qxg4  35. Qxg4
Rxg4  36. Rxc5  Bxh2
37. Rf5  Rg7  38. Kf2
Kc7  39. d4  Kd7
40. Rb5  b6  41. a4
Rg6  42. Rd5+  Ke6
43. Rd8  Rf6+  44. Ke2
Bg3  45. e4  Rf2+
46. Ke3  Rxg2  47. d5+
Ke7  48. Rh8  Rb2
0-1

[Event "MCR v sachu muzu 2020"]
[Site "Plzen"]
[Date "2020.08.28"]
[Round "6.20"]
[White "Svanda, Ondrej"]
[Black "Frank, Adam"]
[Result "1-0"]
[WhiteElo "2250"]
[BlackElo "2219"]
[EventDate "2020.08.23"]

1. d4  Nf6  2. c4  d6
3. Nc3  g6  4. Bg5
Bg7  5. e3  Nbd7
6. Be2  c5  7. Nf3
h6  8. Bxf6  Bxf6
9. h4  Qa5  10. h5
g5  11. Nd2  Bg7
12. Nb3  Qd8  13. Qc2
b6  14. O-O-O  Bb7
15. d5  a6  16. f4
Qc7  17. fxg5 hxg5  18. Ne4
Bh6  19. Nbd2  O-O-O
20. Nf3  g4  21. Nfg5
Ne5  22. Rdf1  Rdf8
23. Qd1  Kb8  24. Bxg4
Rhg8  25. Nxf7  Bxe3+
26. Kb1  Nxg4  27. h6
Rxf7  28. Rxf7  Bxh6
29. Nf6  Nxf6  30. Rxh6
Qc8  31. Rxe7  Qf5+
32. Qc2  Qf1+  33. Qc1
Qf5+  34. Qc2  Bc8
35. Qxf5  Bxf5+  36. Kc1
Ne4  37. g4  Ng3
38. Rxd6  Bxg4  39. Rxb6+
Ka8  40. Rxa6+  Kb8
41. Rb6+  Kc8  42. Ra7
Rg5  43. d6  1-0

[Event "MCR v sachu muzu 2020"]
[Site "Plzen"]
[Date "2020.08.28"]
[Round "6.23"]
[White "Hlozek, David"]
[Black "Vorisek, Jaroslav"]
[Result "1/2-1/2"]
[WhiteElo "2037"]
[BlackElo "2279"]
[EventDate "2020.08.23"]

1. e4  e5  2. Nf3  Nc6
3. d4  exd4  4. Nxd4
Bc5  5. Nxc6  Qf6
6. Qf3  bxc6  7. Nd2
d6  8. Nb3  Bb6
9. a4  a5  10. Bd2  Qxf3
11. gxf3  Ne7  12. Rg1
Rg8  13. Be3  c5
14. e5  Be6  15. exd6
cxd6  16. Bb5+  Bd7
17. O-O-O  Bxb5  18. axb5
a4  19. Nd2  d5
20. Nb1  f6  21. c4  d4
22. Bf4  Kd7  23. Kc2
g5  24. Bc1  Ke6
25. Rde1+  Kf7  26. f4
g4  27. Nd2  f5
28. f3  h5  29. fxg4  hxg4
30. Nf1  Rh8  31. Re2
Nc8  32. Ng3  Nd6
33. Rge1  Rae8  34. Rxe8
Rxe8  35. Rxe8  Kxe8
36. b3  axb3+  37. Kxb3
Kf7  38. Bd2  Kg6
39. Be1  Bc7  40. Ne2
Ne4  41. Kc2  Kh5
42. Kd3  Kg6  1/2-1/2

[Event "MCR v sachu muzu 2020"]
[Site "Plzen"]
[Date "2020.08.28"]
[Round "6.25"]
[White "Vybiral, Zdenek"]
[Black "Folk, Petr"]
[Result "1/2-1/2"]
[WhiteElo "2221"]
[BlackElo "2122"]
[EventDate "2020.08.23"]

1. d4  Nf6  2. c4  g6
3. Nc3  Bg7  4. e4
d6  5. f4  O-O
6. Nf3  c5  7. d5  e6
8. dxe6  Bxe6  9. Bd3
Nc6  10. O-O  Bg4
11. h3  Bxf3  12. Qxf3
Nd4  13. Qf2  a6
14. Be3  Re8  15. Rae1
Nd7  16. Kh1  b5
17. a3  Rb8  18. e5
dxe5  19. f5  Rf8
20. Rd1  Rb6  21. g4
Qb8  22. Qh4  Re8
23. cxb5  axb5  24. Ne4
Qb7  25. Kh2  c4
26. Bb1  Qc6  27. Bh6
Bxh6  28. Qxh6  gxf5
29. Qxc6  Rxc6  30. gxf5
Nf6  31. Nxf6+  Rxf6
32. Be4  Kh8  33. Rc1
Rg8  34. a4  Nb3
35. Rce1  Nd2  36. Rf2
Nxe4  37. Rxe4  bxa4
38. Rxe5  Rg5  39. Rc5
Kg7  40. Ra5  h5
41. Rxa4  Rfxf5  42. Rc2
Rc5  1/2-1/2

[Event "MCR v sachu muzu 2020"]
[Site "Plzen"]
[Date "2020.08.28"]
[Round "6.27"]
[White "Ludvik, Tomas"]
[Black "Smolik, Jachym"]
[Result "0-1"]
[WhiteElo "2202"]
[BlackElo "2121"]
[EventDate "2020.08.23"]

1. d4  Nf6  2. c4  e6
3. Nf3  Bb4+  4. Nbd2
b6  5. a3  Bxd2+
6. Qxd2  Bb7  7. e3
O-O  8. Be2  Ne4
9. Qc2  f5  10. O-O
d6  11. b4  Nd7
12. d5  e5  13. Nd2  Nxd2
14. Bxd2  Kh8  15. f4
e4  16. g4  fxg4
17. Qxe4  Nf6  18. Qg2
b5  19. Bxg4  Qe7
20. Bf3  bxc4  21. e4
Nd7  22. Rac1  Nb6
23. Rfe1  c6  24. a4
Nxa4  25. dxc6  Bxc6
26. Rxc4  Bb5  27. Rd4
a6  28. Be3  Rac8
29. Qd2  Nb6  30. Qf2
Rc3  31. Rdd1  Nc4
32. Bd4  Rb3  33. Bh5
Rxb4  34. Qg3  Bc6
35. Re2  Ba4  36. Rd3
Rb1+  37. Kg2  Bb5
38. Rc3  Na5  39. Ree3
Nc6  40. Rxc6  Bxc6
41. Bf3  a5  42. h4
a4  43. h5  h6
44. Qg6  Kg8  45. e5  Bxf3+
46. Rxf3  Rb3  47. Rxb3
axb3  48. exd6  Qf7
49. Qd3  Qd5+  50. Kg3
b2  0-1

[Event "MCR v sachu muzu 2020"]
[Site "Plzen"]
[Date "2020.08.28"]
[Round "6.28"]
[White "Flajsman, Pavel"]
[Black "Koubova, Anna Marie"]
[Result "1/2-1/2"]
[WhiteElo "2184"]
[BlackElo "2099"]
[EventDate "2020.08.23"]

1. d4  d5  2. Nf3  Nf6
3. c4  dxc4  4. g3
c6  5. Bg2  e6
6. O-O  Bd6  7. Nbd2  b5
8. e4  Be7  9. e5
Nd5  10. Ne4  O-O
11. Bg5  Nd7  12. b3
cxb3  13. axb3  Bxg5
14. Nfxg5  h6  15. Nf3
Qb6  16. Qc1  Bb7
17. g4  Rac8  18. Nc5
Rcd8  19. g5  hxg5
20. Nxg5  Nxc5  21. dxc5
Qc7  22. Qc2  g6
23. Qe4  Kg7  24. b4
a5  25. Rxa5  Nc3
26. Qe3  Nd5  27. Bxd5
cxd5  28. Qd4  Rh8
29. f4  Qe7  30. Rf2
Bc6  31. Ra6  Rc8
32. Rg2  Rh5  33. Rg3
Qb7  34. Rga3  Qe7
35. Rg3  Qb7  36. Ra5
Ra8  37. Rxa8  Qxa8
38. Qd1  Rh4  39. Qd4
Qa2  40. Nf3  Qb1+
41. Kg2  Qc2+  42. Nd2
Qd1  43. Nf3  Qc2+
44. Nd2  Qd1  45. h3
Qe2+  46. Kg1  Qe1+
47. Kh2  Qe2+  48. Kg1
Qe1+  1/2-1/2

[Event "MCR v sachu muzu 2020"]
[Site "Plzen"]
[Date "2020.08.28"]
[Round "6.29"]
[White "Novotny, Martin"]
[Black "Nemcova, Karin"]
[Result "1-0"]
[WhiteElo "2180"]
[BlackElo "1983"]
[EventDate "2020.08.23"]

1. d4  Nf6  2. c4  e6
3. Nc3  Bb4  4. Bd2
d5  5. e3  O-O
6. Nf3  Nbd7  7. Bd3  dxc4
8. Bxc4  c5  9. a3
Bxc3  10. Bxc3  Ne4
11. Rc1  Nxc3  12. Rxc3
Nb6  13. Be2  cxd4
14. Nxd4  Nd5  15. Rd3
Qf6  16. Bf3  b6
17. Bxd5  exd5  18. b4
Qg6  19. g3  Bh3
20. f3  Rac8  21. Kf2
Bd7  22. Re1  Rc4
23. Ne2  Ba4  24. Qd2
Rc2  25. Qd1  Qh5
26. h4  Qf5  27. Rxd5
Qh3  28. Rg1  Ra2
29. Qd3  Bc2  30. Qc3
Rc8  31. Rd2  h6
32. Qd4  Rxa3  33. Nf4
Qf5  34. Rc1  Rac3
35. g4  Qb5  36. Nh5
f6  37. Qd6  Qc6
38. Qe7  Qc7  39. Qe6+
Kh8  40. Nf4  Rc6
41. Qd5  Kh7  42. h5
a5  43. b5  Rc3
44. Qe6  Rd8  45. Rcxc2  1-0

[Event "MCR v sachu muzu 2020"]
[Site "Plzen"]
[Date "2020.08.28"]
[Round "6.30"]
[White "Laurincova, Kristyna"]
[Black "Pychova, Nela"]
[Result "0-1"]
[WhiteElo "2008"]
[BlackElo "2159"]
[EventDate "2020.08.23"]

1. e4  e5  2. Nc3  Nc6
3. Bc4  Nf6  4. d3
Bb4  5. Nge2  d5
6. exd5  Nxd5  7. O-O
Be6  8. Bxd5  Bxd5
9. f4  O-O  10. f5
f6  11. Ng3  Bxc3
12. bxc3  Ne7  13. Qg4
Rf7  14. Nh5  Kh8
15. Ba3  Bc6  16. Rae1
Ng8  17. Qh4  Qd5
18. Re2  Qxa2  19. Bc1
Qa5  20. Bd2  Qa4
21. d4  Bb5  22. Re4
Bxf1  23. dxe5  Qxc2
24. e6  Re7  25. Nf4
Nh6  26. Be3  Bd3
27. Nxd3  Qxd3  28. Bxh6
Qb1+  29. Kf2  Qc2+
30. Kf3  Qxc3+  31. Be3
Rd8  32. Qh5  Qc2
33. Kf4  Qd1  34. Qh4
Qf1+  35. Bf2  Rd2
36. Kf3  Qd1+  37. Kf4
Qf1  38. Kf3  Rd3+
39. Kf4  Qc1+  40. Be3
Qa3  41. Qh5  Kg8
42. Rd4  Rxd4+  0-1

[Event "MCR v sachu muzu 2020"]
[Site "Plzen"]
[Date "2020.08.28"]
[Round "6.31"]
[White "Toman, Ondrej"]
[Black "Janous, Marek"]
[Result "1-0"]
[WhiteElo "2233"]
[BlackElo "1968"]
[EventDate "2020.08.23"]

1. d4  d5  2. Bf4  e6
3. e3  Bd6  4. Nf3
c5  5. c3  Nc6
6. Bg3  Nge7  7. Nbd2  O-O
8. Bd3  c4  9. Bc2
f5  10. b3  b5
11. a4  b4  12. bxc4  bxc3
13. Nb1  Bb4  14. cxd5
Nxd5  15. O-O  Ba6
16. Bd3  Qb6  17. Ne1
Rac8  18. Nc2  Be7
19. Nba3  Bxd3  20. Qxd3
Ncb4  21. Qb5  a6
22. Qxb6  Nxb6  23. Nxb4
Bxb4  24. Nc2  Be7
25. Rfb1  Nd5  26. Kf1
Rc6  27. Ke2  Rfc8
28. Be5  Rb6  29. Rxb6
Nxb6  30. Bg3  Nd5
31. Kd3  a5  32. f3
Kf7  33. Rb1  Rc6
34. Rb7  Nb4+  35. Nxb4
axb4  36. Kc2  Ra6
37. Bh4  Rxa4  38. Bxe7
Ra2+  39. Kc1  Ra1+
40. Kc2  Ra2+  41. Kb1
Rxg2  42. Bxb4+  Kg6
43. Bxc3  Re2  44. d5
exd5  45. Rxg7+  Kh6
46. Rd7  Kg6  47. Rd6+
Kf7  48. Rxd5  Rxe3
49. Rxf5+  Ke6  50. Rf6+
Ke7  51. Rc6  Rxf3
52. h4  Rf4  53. Rh6
Rf7  54. Kc2  Kf8
55. Rf6  Rxf6  56. Bxf6
Kf7  57. Bd8  Ke6
58. Kd3  Kf5  59. Ke3
Ke5  60. Kf3  Kf5
61. Bc7  Kg6  62. Kg4
Kh6  63. Bb6  Kg6
64. Be3  Kf6  65. Kh5
Kf7  66. Kh6  Kg8
67. Bd4  1-0

[Event "MCR v sachu muzu 2020"]
[Site "Plzen"]
[Date "2020.08.28"]
[Round "6.33"]
[White "Nagy, Ladislav"]
[Black "Pokrupa, Marek"]
[Result "1-0"]
[WhiteElo "2150"]
[BlackElo "2164"]
[EventDate "2020.08.23"]

1. e4  c5  2. Nf3  g6
3. d4  cxd4  4. Nxd4
Bg7  5. Nc3  Nc6
6. Be3  Nf6  7. Nxc6
bxc6  8. e5  Nd5
9. Nxd5  cxd5  10. Qxd5
Rb8  11. Bc4  O-O
12. O-O  Qc7  13. f4
d6  14. Bb3  dxe5
15. fxe5  Bb7  16. Qc5
Qxe5  17. Qxe5  Bxe5
18. Bxa7  Ra8  19. Bc5
Bxb2  20. Rad1  Bf6
21. Rxf6  exf6  22. Bxf8
Rxf8  23. Rd7  Bc8
24. Rc7  Kg7  25. a4
f5  26. a5  Kf6
27. a6  Be6  28. a7  h5
29. c4  Ke5  30. Bd1
Kd6  31. Rb7  Ra8
32. Bf3  Bxc4  33. Rd7+
1-0

[Event "MCR v sachu muzu 2020"]
[Site "Plzen"]
[Date "2020.08.28"]
[Round "6.34"]
[White "Jezek, Jan"]
[Black "Kures, Michael"]
[Result "0-1"]
[WhiteElo "2162"]
[BlackElo "2019"]
[EventDate "2020.08.23"]

1. e4  c5  2. c3  d5
3. d3  Nc6  4. Nd2
Nf6  5. Ngf3  e5
6. Be2  Be7  7. O-O
O-O  8. Re1  d4
9. Nc4  Nd7  10. a4  f6
11. a5  Kh8  12. Bd2
b5  13. axb6  Nxb6
14. Nxb6  Qxb6  15. Qc1
Rb8  16. Ra2  Be6
17. c4  Rb7  18. Qa1
Qc7  19. Bd1  Rfb8
20. h3  Bd6  21. b3
Re8  22. Ra3  Qd7
23. Nh2  f5  24. Bf3
f4  25. Qd1  Reb8
26. Bg4  Bxg4  27. hxg4
Rb6  28. Qc2  Be7
29. Rb1  Kg8  30. Qa2
Qe8  31. Ra6  h5
32. Rxb6  Rxb6  33. gxh5
Qxh5  34. f3  Nb4
35. Bxb4  Rh6  36. g4
fxg3  37. Be1  gxh2+
38. Kh1  Qxf3+  0-1

[Event "MCR v sachu muzu 2020"]
[Site "Plzen"]
[Date "2020.08.28"]
[Round "6.35"]
[White "Taus, Martin"]
[Black "Joukl, Zdenek"]
[Result "0-1"]
[WhiteElo "2142"]
[BlackElo "2062"]
[EventDate "2020.08.23"]

1. d4  d5  2. Nc3  Nf6
3. Bf4  Bf5  4. e3
e6  5. Bd3  Bg6
6. Nf3  Be7  7. Ne5  Nh5
8. Nxg6  hxg6  9. Be5
c6  10. Qf3  Nd7
11. O-O-O  Nhf6  12. Bf4
Nh5  13. Be5  Nhf6
14. Bg3  Qa5  15. Kb1
b5  16. Ne2  Qb6
17. e4  dxe4  18. Bxe4
Nxe4  19. Qxe4  Nf6
20. Qf3  a5  21. c3
Rd8  22. Be5  Qa6
23. Rc1  Kf8  24. h4
Nd7  25. Bc7  Rc8
26. h5  g5  27. Be5
Nxe5  28. dxe5  c5
29. Ng3  Qc6  30. Ne4
Qd5  31. Rhe1  Qxe5
32. Ng3  Qf4  33. Qb7
Re8  34. Rc2  b4
35. c4  a4  36. Re3
Qd4  37. Ne4  Rxh5
38. Re1  a3  39. bxa3
bxa3  40. Qa7  Qe5
41. Qxa3  f5  42. Qc3
Rb8+  43. Ka1  Qc7
44. Ng3  Rh4  45. Rxe6
Rb6  46. Rxb6  Qxb6
47. Qb3  Qd6  48. Kb1
Bf6  49. Rc1  g6
50. Rd1  Rd4  51. Rxd4
Qxd4  52. a4  Qxf2
53. Qb5  Qg1+  54. Kc2
Qxg2+  55. Kd1  Qf3+
56. Ne2  Qd3+  57. Ke1
Qe3  58. Kf1  g4
59. a5  Kg7  60. Qb7+
Kh6  61. a6  Bh4
62. Qg2  Qa3  63. Qb7
Qa1+  64. Kg2  Qe1
65. Ng1  Bf2  66. Nf3
gxf3+  67. Kxf3  Qe3+
68. Kg2  Qg3+  69. Kf1
Qg1+  70. Ke2  Qe1+
71. Kf3  Bh4  72. Kg2
f4  73. Qf3  Qd2+
74. Kh3  Bg3  75. Qh1
Qd7+  76. Kg2+  Kg5
77. Qf1  0-1

[Event "MCR v sachu muzu 2020"]
[Site "Plzen"]
[Date "2020.08.28"]
[Round "6.36"]
[White "Kopriva, Martin"]
[Black "Babula, Vlastimil"]
[Result "1-0"]
[WhiteElo "2079"]
[BlackElo "2138"]
[EventDate "2020.08.23"]

1. d4  Nf6  2. c4  g6
3. Nc3  Bg7  4. e4
d6  5. f4  O-O
6. Nf3  c5  7. d5  a6
8. a4  Qc7  9. Be2
Bg4  10. O-O  Bxf3
11. Bxf3  e5  12. f5
h6  13. Qe1  Qe7
14. Qg3  Kh7  15. Qh3
Ng8  16. g4  g5
17. Qg3  Nd7  18. Kg2  Bf6
19. Rh1  Rfb8  20. Be3
Qd8  21. Qf2  Be7
22. Qd2  Kg7  23. Ne2
Kh7  24. Ng3  b6
25. f6  Bxf6  26. Nf5
Nf8  27. h4  gxh4
28. Bxh6  Ng6  29. Be3
N8e7  30. g5  Bg7
31. Bh5  Kg8  32. Qf2
Qd7  33. Raf1  Rf8
34. Nxh4  b5  35. Nf5
Nf4+  36. Bxf4  exf4
37. Nxg7  Kxg7  38. Qxf4
Ng8  39. Bg4  Qd8
40. Qf5  Ne7  41. Qh7#
1-0